Normal view
MARC view
- TUTANKAMEN,
Entry Nombre Personal
001 - NUMERO DE CONTROL
- campo de control: 23475
003 - IDENTIFICADOR DE NUMERO DE CONTROL
- campo de control: UPN
005 - FECHA Y HORA DE LA ÜLTIMA TRANSACCIÓN
- campo de control: 20210219194001.0
008 - DATOS DE LONGITUD FIJA
- campo de control de longitud fija: nabaccnnaabn|||||||||| b |nc|||||d
035 ## - NUMERO DE CONTROL
- Número de control: UPN10000023484
040 ## - FUENTE DE CATALOGACIÓN
- Lenguaje de catalogación: SPA
- Agencia de transcripción: UPN
100 0# - ENCABEZAMIENTO - NOMBRE PERSONAL
- Nombre personal: TUTANKAMEN,
- Títulos u otras palabras asociadas al nombre: REY DE EGIPTO -
- Subdivisión temática general : TUMBA -
- Subdivisión temática general : TIRAS COMICAS, HISTORIETAS, ETC.
670 ## - FUENTE EN LA QUE SE LOCALIZARON DATOS
- Cita de la fuente: LC/P
- Información localizada: Tutankhamen, King of Egypt - Tomb
902 ## - CATALOGADOR
- Catalogador: MMA/011214
